Aspects of form: a symposium on form in Nature and Art

Guardat en:
Dades bibliogràfiques
Autor principal: Whyte, Lancelot Law (Autor)
Format: Llibre
Idioma:anglès
Publicat: Londres Lund Humphries 1968
Edició:2a. ed
Matèries:
Etiquetes: Afegir etiqueta
Sense etiquetes, Sigues el primer a etiquetar aquest registre!

MARC

LEADER 00000nam a2200000 a 4500
001 UCG5029
003 CL-VaPUC
008 101230e19680000UK |||||||||||||||||eng|d
082 0 4 |a 111  |b WHY  |2 21 
100 0 |a Whyte, Lancelot Law  |e author  |9 554566 
245 1 0 |a Aspects of form: a symposium on form in Nature and Art 
250 |a 2a. ed 
300 |a 254 p 
942 |c BK 
945 |d 20101230 00:00:00  |a dcastane 
260 |a Londres  |b Lund Humphries  |c 1968 
650 7 |a FORMAS  |2 CL-VaPUC  |9 336072 
650 0 |a Ontología   |9 256850 
650 0 |a Filosofía   |9 223554 
650 0 |a Crítica e interpretación   |9 255042 
583 |a last modification  |c 20101230 00:00:00  |k Rodrigo Vera 
999 |c 343603  |d 343601 
952 |0 0  |1 0  |4 0  |6 111_000000000000000_WHY_1968  |7 0  |8 P  |9 441038  |a BIBEDU  |b BIBEDU  |c BIBEDU_PB  |d 2019-11-22  |i 4740483  |o 111 WHY 1968  |p 4740483  |r 2024-01-25  |w 2019-11-22  |y BK  |k FIL